Missing Word: Iron Maiden Songs (A-Z) Quiz Stats

 Plays Quiz Updated Sep 14, 2017

Challenge
Share
Tweet
Embed
Score 0/26 Timer 03:00
0 Plays Today
Song Title Missing Word % Correct
Phantom of the _____Opera
95%
Hallowed Be Thy ____Name
94.6%
Heaven Can ____Wait
89.2%
____ of the FliesLord
88.4%
Bring Your ________... to the SlaughterDaughter
85.7%
The Number of the _____Beast
85.3%
Run to the _____Hills
84.5%
_________ the GreatAlexander
83.6%
The ____ That Men DoEvil
83.5%
The Man Who Would be ____King
82.6%
Be _____ or Be DeadQuick
81.1%
Twilight ____Zone
80.7%
____ of the DarkFear
80%
Song Title Missing Word % Correct
_______ KhanGenghis
78.5%
Lightning Strikes _____Twice
78.5%
Wasted _____Years
76.6%
Brighter Than a Thousand ____Suns
76.4%
____ of the Ancient MarinerRime
73.7%
Flight of ______Icarus
66.5%
Can I Play with _______Madness
60.9%
No ______ for the DyingPrayer
60.3%
These _______ Don't RunColours
56%
__ Acacia Avenue22
55.9%
The Great _______Unknown
33.8%
Back in the _______Village
33.6%
_________ of HeavenJudgement
20.7%

Today's Daily Dose

Missing Word
Entertainment 'L'

Word Ladder
Fingers

Quick Pick
When in Rome

On This Day
December 15th II

You're not logged in!

Compare scores with friends on all Sporcle quizzes.
OR
Log In

You Might Also Like...

Show Comments

Extras

Top Quizzes Today


Score Distribution

Your Account Isn't Verified!

In order to create a playlist on Sporcle, you need to verify the email address you used during registration. Go to your Sporcle Settings to finish the process.

Report this User

Report this user for behavior that violates our Community Guidelines.

Details: